Money demand and regional monetary policy in the West African Economic and Monetary Union

Gespeichert in:
Bibliographische Detailangaben
1. Verfasser: Rother, Philipp C.
Format: Buch
Sprache:Englisch
Veröffentlicht: Washington IMF 1998
Schriftenreihe:IMF Working Paper 57
Schlagworte:
Tags: Tag hinzufügen
Keine Tags, Fügen Sie das erste Tag hinzu!

MARC

LEADER 00000nam a2200000 4500
001 c102602
005 20221221083012.9
041 0 |a eng 
044 |a US 
245 1 0 |a Money demand and regional monetary policy in the West African Economic and Monetary Union  |c Philipp C. Rother 
264 1 |a Washington  |b IMF  |c 1998 
300 |a 25 s. 
490 1 |a IMF Working Paper  |v 57 
830 0 |a IMF Working Paper  |v 57 
610 2 0 |a politika peňažná 
610 2 0 |a únie hospodárske 
610 2 0 |a únie menové 
610 2 0 |a dopyt 
610 2 0 |a peniaze 
610 2 0 |a Afrika 
610 2 0 |a kurz devízový 
610 2 0 |a kurz výmenný pevný 
100 1 |a Rother, Philipp C.